000 00527nam a2200181 a 4500
005 20210219160209.0
008 080924s1990 mx r 000 0 spa d
035 _aUPN01000160698
049 _aUNE
080 _a37.014. 22 (-77) =20 LIM.
100 1 _aLimage, Leslie
245 1 0 _aIlliteracy in industrialized countries :
_brealities and myths /
_cLeslie Limage.
260 _aGeneva :
_bOIE,
_c1990.
300 _a16 p.
440 0 _aLiteracy lessons
690 _aAnalfabetismo- Paises en desarrollo
905 _aUNESCO
999 _c132811
_d132811